[Event "ch-NED"]
[Site "Hilversum NED"]
[Date "2007.06.27"]
[Round "10"]
[White "Stellwagen,D"]
[Black "Janssen,Ru"]
[Result "1-0"]
[WhiteElo "2600"]
[BlackElo "2489"]

1.e4 e5 2.Nf3 Nc6 3.Bb5 a6 4.Ba4 Nf6 5.O-O Be7 6.Re1 b5 7.Bb3 d6 8.c3 O-O
9.h3 Bb7 10.d4 Re8 11.Nbd2 Bf8 12.a4 h6 13.Bc2 exd4 14.cxd4 Nb4 15.Bb1 c5
16.d5 Nd7 17.Ra3 f5 18.Nh2 Nf6 19.Rf3 Re5 20.Rxf5 Rxf5 21.exf5 Bxd5 22.Ng4 Nxg4
23.hxg4 bxa4 24.g5 Qxg5 25.Ne4 Qh4 26.f6 Ra7 27.g3 Qh3 28.Bd2 Bb3 29.Qe2 Nd5
30.Qd3 gxf6 31.Bc2 Bxc2 32.Qxd5+ Rf7 33.Nxf6+ Kg7 34.Nh5+ Kg8 35.Nf6+ Kg7
36.Bc3 Qf5 37.Nd7+ Kg8 38.Nf6+ Kg7 39.Qg2 Kg6 40.g4 Qf4 41.Re6 Qc1+ 42.Kh2 Qf4+
43.Kh3 Qc4 44.f4 Qd3+ 45.Kh4 Re7 46.f5+ Kf7 47.Qa8 Qb5 48.Rxe7+ Kxe7 49.Qa7+ Kd8
50.Ba5+  1-0

[Event "Spring A"]
[Site "Volodarskij RUS"]
[Date "2007.06.29"]
[Round "3"]
[White "Nikolenko,S"]
[Black "Kravchenja,A"]
[Result "1-0"]
[WhiteElo "2349"]
[BlackElo "2042"]

1.e4 e5 2.Nf3 Nc6 3.Bb5 a6 4.Ba4 Nf6 5.O-O Be7 6.Re1 b5 7.Bb3 d6 8.c3 O-O
9.h3 Bb7 10.d4 Re8 11.Nbd2 Bf8 12.a4 h6 13.Bc2 exd4 14.cxd4 Nb4 15.Bb1 c5
16.d5 Nd7 17.Ra3 f5 18.Rae3 Nf6 19.Nh2 Qd7 20.exf5 Rxe3 21.fxe3 Bxd5 22.Ng4 Be7
23.e4 Bf7 24.e5 dxe5 25.Nxe5 Qd4+ 26.Kh1 Bh5 27.g4 Be8 28.Qe2 Qd6 29.Ng6 Bxg6
30.fxg6 Qc6+ 31.Ne4 Re8 32.g5 hxg5 33.axb5 axb5 34.Bxg5 c4 35.Qf3 Kh8 36.Kg2 Qd5
37.h4 Rf8 38.Rd1 Nd3 39.Bxd3 cxd3 40.Bxf6 gxf6 41.Rxd3 Qe5 42.Ng3 Kg8 43.Re3 Qc5
44.Nf5 Bd6 45.Re6 Qc2+ 46.Re2 Qc5 47.b4 Qc4 48.Nxd6  1-0

[Event "Kotov Mem"]
[Site "Tula RUS"]
[Date "2007.06.30"]
[Round "1"]
[White "Yagupov,I"]
[Black "Domogaev,S"]
[Result "1-0"]
[WhiteElo "2494"]
[BlackElo "2383"]

1.e4 e5 2.Nf3 Nc6 3.Bb5 a6 4.Ba4 Nf6 5.O-O Be7 6.Re1 b5 7.Bb3 d6 8.c3 O-O
9.h3 Bb7 10.d4 Re8 11.Nbd2 Bf8 12.d5 Nb8 13.Nf1 Nbd7 14.N3h2 g6 15.Ng4 Nxe4
16.Rxe4 f5 17.Re3 fxg4 18.hxg4 Bh6 19.Rh3 Bf4 20.Ng3 Bc8 21.f3 Bxg3 22.Rxg3 e4
23.f4 Nc5 24.f5 Qf6 25.Be3 Nd3 26.Qe2 Qe5 27.Rh3 Nf4 28.Bxf4 Qxf4 29.Rf1 Qe5
30.f6 Rf8 31.f7+ Rxf7 32.Rxf7 Kxf7 33.Rxh7+ Kg8 34.Rxc7 Qf4 35.Bd1 a5 36.Re7 e3
37.Qxe3 Qxe3+ 38.Rxe3 Kf7 39.g5 Bf5 40.g4 Bb1 41.Re6 Rd8 42.a3 Ba2 43.Bf3 Bb1
44.Kf2 Rh8 45.Ke3 b4 46.axb4 axb4 47.Rxd6 b3 48.Rd7+ Ke8 49.Rb7  1-0

[Event "Heart of Finland"]
[Site "Jyvaskyla FIN"]
[Date "2007.07.19"]
[Round "8"]
[White "Topi Hulmi,T"]
[Black "Penttila,T"]
[Result "1-0"]
[WhiteElo "2288"]
[BlackElo "2038"]

1.e4 e5 2.Nf3 Nc6 3.Bb5 a6 4.Ba4 Nf6 5.O-O Be7 6.Re1 b5 7.Bb3 d6 8.c3 O-O
9.h3 Bb7 10.d3 Na5 11.Bc2 c5 12.Nbd2 Re8 13.Nf1 Qc7 14.Bg5 Nd7 15.Bxe7 Rxe7
16.Ne3 Nf6 17.Rc1 Ree8 18.Nh2 Qd7 19.Nf5 g6 20.Nh6+ Kg7 21.Qd2 Qd8 22.f4 Nxe4
23.dxe4 Nc4 24.Qf2 Kxh6 25.b3 Na3 26.fxe5 Kg7 27.Rf1 Rf8 28.Ng4 Nxc2 29.Qf4 g5
30.Qf3 dxe5 31.Nf6 Qe7 32.Qf5 Rh8 33.Qxg5+ Kf8 34.Qh6+  1-0

[Event "29th Politiken Cup"]
[Site "Copenhagen DEN"]
[Date "2007.07.22"]
[Round "3"]
[White "Hirneise,J"]
[Black "Pieri,E"]
[Result "1/2-1/2"]
[WhiteElo "2090"]
[BlackElo "1909"]

1.e4 e5 2.Nf3 Nc6 3.Bb5 a6 4.Ba4 Nf6 5.O-O b5 6.Bb3 Be7 7.Re1 O-O 8.h3 Bb7
9.c3 d6 10.d4 Rc8 11.a4 Nb8 12.Nbd2 Nbd7 13.d5 Nc5 14.axb5 axb5 15.Bc2 c6
16.b4 Ncd7 17.dxc6 Bxc6 18.Nb3 Nb6 19.Na5 Ba8 20.Bb2 Na4 21.Bxa4 bxa4 22.Nd2 d5
23.Qxa4 Qb6 24.exd5 Nxd5 25.Nac4 Qg6 26.Nxe5 Qf5 27.Nf1 Nf4 28.Qd7 Qc2 29.Qg4 Qxb2
30.Qxf4 Bd6 31.Rad1 Qxc3 32.Re3 Qxb4  1/2-1/2

[Event "XII Open"]
[Site "Balaguer ESP"]
[Date "2007.07.24"]
[Round "9"]
[White "Korneev,O"]
[Black "Sharma,Di"]
[Result "1-0"]
[WhiteElo "2565"]
[BlackElo "2368"]

1.e4 e5 2.Nf3 Nc6 3.Bb5 a6 4.Ba4 Nf6 5.O-O Be7 6.Re1 b5 7.Bb3 d6 8.c3 O-O
9.h3 Bb7 10.d4 Re8 11.Nbd2 Bf8 12.d5 Nb8 13.Nf1 Nbd7 14.Ng3 Nc5 15.Bc2 c6
16.b4 Ncd7 17.dxc6 Bxc6 18.Bb3 Nb6 19.Bg5 h6 20.Bxf6 Qxf6 21.Nh2 Rac8 22.Ng4 Qg6
23.Ne3 Qg5 24.c4 Qd8 25.cxb5 Bxb5 26.a4 Bc6 27.a5 Nd7 28.Bc4 Bb7 29.Qb3 Qf6
30.Bd5 Bxd5 31.Nxd5 Qg5 32.Nf5 g6 33.Nfe3 Nb8 34.Nb6  1-0

[Event "29th Politiken Cup"]
[Site "Copenhagen DEN"]
[Date "2007.07.26"]
[Round "7"]
[White "Frank Nielsen,M"]
[Black "Kovachev,D"]
[Result "0-1"]
[WhiteElo "1961"]
[BlackElo "2153"]

1.e4 Nc6 2.Nf3 e5 3.Bb5 a6 4.Ba4 Nf6 5.O-O b5 6.Bb3 Be7 7.Re1 d6 8.c3 O-O
9.h3 Bb7 10.d4 Re8 11.Bg5 h6 12.Bh4 Bf8 13.Nbd2 g6 14.Bg3 Bg7 15.d5 Nb8 16.a4 c6
17.dxc6 Bxc6 18.axb5 axb5 19.Rxa8 Bxa8 20.Qa1 Qb6 21.Qa2 Re7 22.Nh4 Ra7 23.Bxf7+ Rxf7
24.Nxg6 Qa7 25.Qe6 Qd7 26.Qa2 Bb7 27.Bxe5 Nc6 28.Bh2 Kh7 29.Nf4 Re7 30.Qb1 Ne5
31.Nd3 Qc6 32.Nb4 Qb6 33.Bf4 Kh8 34.Be3 Qc7 35.Bd4 Nh5 36.Nf1 Nf4 37.Ne3 Rf7
38.Nf5 Bc8 39.Ne3 Qd8 40.Nbd5 Nxh3+ 41.gxh3 Qh4 42.Nf5 Bxf5 43.Bxe5 Bxe5
44.exf5 Qxh3 45.Nf4 Rg7+ 46.Ng6+ Rxg6+ 47.fxg6 Bh2+ 48.Kh1 Bg3+ 49.Kg1 Qh2+
50.Kf1 Qxf2+  0-1

[Event "29th Politiken Cup"]
[Site "Copenhagen DEN"]
[Date "2007.07.26"]
[Round "7"]
[White "Blomqvist,E"]
[Black "Brynell,S"]
[Result "1/2-1/2"]
[WhiteElo "2313"]
[BlackElo "2459"]

1.e4 e5 2.Nf3 Nc6 3.Bb5 a6 4.Ba4 Nf6 5.O-O Be7 6.Re1 b5 7.Bb3 d6 8.c3 O-O
9.h3 Bb7 10.d4 Re8 11.Ng5 Rf8 12.Nf3 Re8 13.Nbd2 Bf8 14.a4 h6 15.Bc2 exd4
16.cxd4 Nb4 17.Bb1 c5 18.d5 Nd7 19.Ra3 c4 20.Nd4 Qf6 21.N2f3 Nc5 22.axb5 axb5
23.Nxb5 Rxa3 24.Nxa3 Ba6 25.Re3 Rb8 26.Rc3 Nbd3 27.Bxd3 cxd3 28.Be3 Nxe4
29.Rc6 Ra8 30.Rb6 Qf5 31.Nb5 Bxb5 32.Rxb5 Nf6 33.Rb3 Nxd5 34.Rxd3 Ra1 35.Qxa1 Qxd3
36.Bd2 Be7 37.Qa8+ Kh7 38.Qb7 Bf6 39.Qxf7 Bxb2 40.Bxh6 Kxh6 41.g4 Nf6 42.g5+ Kh7
43.gxf6 Bxf6 44.Qh5+ Kg8 45.Qe8+  1/2-1/2

[Event "Najdorf Mem GpA"]
[Site "Grodzisk Mazowiecki POL"]
[Date "2007.07.26"]
[Round "7"]
[White "Onischuk,V"]
[Black "Sarwinski,M"]
[Result "1-0"]
[WhiteElo "2506"]
[BlackElo "2313"]

1.e4 e5 2.Nf3 Nc6 3.Bb5 a6 4.Ba4 Nf6 5.O-O Be7 6.Re1 b5 7.Bb3 d6 8.c3 O-O
9.h3 Bb7 10.d3 Nb8 11.Nbd2 Nbd7 12.Nf1 Nc5 13.Bc2 Re8 14.Ng3 g6 15.Bg5 Ne6
16.Be3 c5 17.Qd2 Bf8 18.Rad1 Bg7 19.Ng5 Rc8 20.Nxe6 Rxe6 21.f4 exf4 22.Bxf4 Nd7
23.Kh2 Ne5 24.Bb3 c4 25.dxc4 bxc4 26.Bc2 Qh4 27.Rf1 Rce8 28.Kg1 h6 29.Qf2 Rf6
30.Ne2 Qxf2+ 31.Rxf2 Bf8 32.Be3 Rxf2 33.Kxf2 Nd3+ 34.Bxd3 cxd3 35.Ng3 h5
36.Rxd3 h4 37.Nf1 Bxe4 38.Rd4 d5 39.Ra4 Re5 40.Nd2 Bxg2 41.Bf4 Re6 42.Kxg2 g5
43.Bxg5 Rg6 44.Nf3 Be7 45.Rxh4 f6 46.Rd4 fxg5 47.Rxd5 Rb6 48.b3 Re6 49.Kf2 Rh6
50.Kg2 Re6 51.Re5 Rxe5 52.Nxe5 Bf6 53.Nf3 Kf7 54.Nd4 Kg6 55.Ne2 Kf5 56.Kf3 Ke5
57.Ke3 Bd8 58.b4 Be7 59.Nd4 Bd6 60.c4 Bc7 61.a3 Bb6 62.c5 Bc7 63.Kd3 Kd5
64.Nf5 Bh2 65.Ne3+ Ke6 66.Ke4  1-0

[Event "12th Open"]
[Site "Creon FRA"]
[Date "2007.07.31"]
[Round "3"]
[White "Forgues,V"]
[Black "Saucey,C"]
[Result "1-0"]
[WhiteElo "1983"]
[BlackElo "1629"]

1.e4 e5 2.Nf3 Nc6 3.Bb5 a6 4.Ba4 Nf6 5.O-O Be7 6.Re1 b5 7.Bb3 O-O 8.h3 d6
9.c3 Bb7 10.d3 Re8 11.Nbd2 Nb8 12.Nf1 Nbd7 13.Ng3 Nf8 14.d4 Ng6 15.h4 Nd7
16.h5 Ngf8 17.Nf5 Bf6 18.d5 Bc8 19.a4 Rb8 20.Nh2 Nc5 21.Bc2 Bd7 22.axb5 axb5
23.Re3 Bxf5 24.exf5 Kh8 25.Rg3 h6 26.b4 Ncd7 27.Qd3 Nh7 28.Ra5 e4 29.Qe2 Be5
30.Rh3 Ng5 31.Bxg5 Qxg5 32.Ng4 Qc1+ 33.Qd1 Qxd1+ 34.Bxd1 Rb7 35.Be2 Reb8
36.Re3 f6 37.Nxe5 fxe5 38.Rxe4 Nf6 39.Rh4 Nxd5 40.Bf3 c6 41.Bxd5 cxd5 42.Ra6 Rb6
43.Ra7 R6b7 44.Ra2 Rc7 45.Rh3 d4 46.cxd4 exd4 47.Ra6 Rc1+ 48.Kh2 Rb1 49.Rxd6 Rxb4
50.Rd3 Rb2 51.Rf3 Rd2 52.f6 gxf6 53.Rfxf6 Kg7 54.Rxh6 Rxf2 55.Rdg6+ Kf7 56.Rh7+ Ke8
57.Rg8+ Rf8 58.Rxf8+ Kxf8 59.Rh8+ Kg7 60.Rxb8 Kf6 61.Rxb5  1-0

[Event "Open NK"]
[Site "Dieren NED"]
[Date "2007.08.01"]
[Round "8"]
[White "Schenkeveld,Da"]
[Black "Schoorl,R"]
[Result "0-1"]
[WhiteElo "2085"]
[BlackElo "2277"]

1.e4 e5 2.Nf3 Nc6 3.Bb5 a6 4.Ba4 Nf6 5.O-O Be7 6.Re1 b5 7.Bb3 d6 8.h3 O-O
9.c3 Bb7 10.d3 h6 11.a4 Na5 12.Bc2 c5 13.Nbd2 Re8 14.d4 exd4 15.cxd4 cxd4
16.axb5 axb5 17.Nxd4 Qb6 18.Nf1 Bf8 19.Ng3 d5 20.e5 Ne4 21.Be3 Nc4 22.Rxa8 Bxa8
23.e6 Nxg3 24.fxg3 Rxe6 25.Qd3 Re4 26.Bf2 Bc5 27.Kh2  0-1

[Event "Scandinavian Chess Tournament"]
[Site "Taby SWE"]
[Date "2007.08.05"]
[Round "3"]
[White "Carlsson,P"]
[Black "Wang Hao"]
[Result "0-1"]
[WhiteElo "2480"]
[BlackElo "2624"]

1.e4 e5 2.Nf3 Nc6 3.Bb5 a6 4.Ba4 Nf6 5.O-O Be7 6.Re1 b5 7.Bb3 d6 8.c3 O-O
9.h3 Bb7 10.d4 Re8 11.Ng5 Rf8 12.Nf3 h6 13.Nbd2 Re8 14.a4 Bf8 15.Bc2 exd4
16.cxd4 Nb4 17.Bb1 c5 18.d5 Nd7 19.Ra3 f5 20.Nh2 c4 21.Rf3 fxe4 22.Nxe4 Nxd5
23.Rg3 Kh8 24.Ng4 N5f6 25.Nexf6 Rxe1+ 26.Qxe1 Nxf6 27.Qc3 b4 28.Nxh6 gxh6
29.Qxb4 Be4 30.Bxe4 Nxe4 31.Rg6 Qe8  0-1

[Event "Scandinavian Chess Tournament"]
[Site "Taby SWE"]
[Date "2007.08.10"]
[Round "9"]
[White "Lindberg,Be"]
[Black "Wang Hao"]
[Result "0-1"]
[WhiteElo "2443"]
[BlackElo "2624"]

1.e4 e5 2.Nf3 Nc6 3.Bb5 a6 4.Ba4 Nf6 5.O-O Be7 6.Re1 b5 7.Bb3 d6 8.c3 O-O
9.h3 Bb7 10.d4 Re8 11.Ng5 Rf8 12.Nf3 h6 13.Nbd2 Re8 14.Nf1 Bf8 15.Ng3 Na5
16.Bc2 g6 17.a4 Qd7 18.Bd3 exd4 19.cxd4 c5 20.axb5 axb5 21.e5 dxe5 22.dxe5 c4
23.Bc2 Qxd1 24.Bxd1 Nd7 25.e6 fxe6 26.Nd4 Nc5 27.Bc2 Nd3 28.Bxd3 cxd3 29.Nxb5 Nc4
30.Rxa8 Rxa8 31.Nf1 Bb4 32.Nc3 Ra1 33.Bd2 Rxe1 34.Bxe1 Nxb2 35.Bd2 Nc4 36.Nb1 Nxd2
37.Nbxd2 Bd5 38.f3 Bc5+ 39.Kh2 Kf7 40.Kg3 Kf6 41.Nb1 Ke5 42.Nfd2 Be3  0-1

[Event "ch-AUT"]
[Site "Tweng AUT"]
[Date "2007.08.10"]
[Round "7"]
[White "Natter,S"]
[Black "Diermair,A"]
[Result "0-1"]
[WhiteElo "2236"]
[BlackElo "2373"]

1.e4 e5 2.Nf3 Nc6 3.Bb5 a6 4.Ba4 Nf6 5.O-O Be7 6.Re1 b5 7.Bb3 O-O 8.h3 d6
9.c3 Bb7 10.d4 Re8 11.Ng5 Rf8 12.Nf3 Re8 13.Nbd2 Bf8 14.Bc2 g6 15.Nf1 exd4
16.cxd4 Nb4 17.Ng3 Nxc2 18.Qxc2 d5 19.e5 Ne4 20.Be3 Rc8 21.Nxe4 dxe4 22.Nd2 c5
23.dxc5 Qd5 24.b4 Qxe5 25.Nb3 Bd5 26.Rad1 Red8 27.Qc1 Bd6 28.g3 Qf5 29.Qa3 Be5
30.Qxa6 Qxh3 31.Qxb5 Bxg3 32.fxg3 Qxg3+ 33.Kh1 Bxb3 34.Rxd8+ Rxd8 35.Rf1 Bd1  0-1

[Event "Open"]
[Site "Callao PER"]
[Date "2007.08.13"]
[Round "8"]
[White "Pazos Gambarrotti,P"]
[Black "Calizaya,M"]
[Result "0-1"]
[WhiteElo "2348"]
[BlackElo "2125"]

1.e4 e5 2.Nf3 Nc6 3.Bb5 a6 4.Ba4 Nf6 5.O-O Be7 6.Re1 b5 7.Bb3 O-O 8.c3 d6
9.h3 Bb7 10.d3 Na5 11.Bc2 c5 12.Nbd2 Re8 13.Nf1 h6 14.Ng3 Bf8 15.Nf5 d5 16.Qe2 c4
17.exd5 cxd3  0-1

[Event "ch-FRA"]
[Site "Aix-les-Bains FRA"]
[Date "2007.08.14"]
[Round "2"]
[White "Bauer,Ch"]
[Black "Renet,O"]
[Result "1-0"]
[WhiteElo "2626"]
[BlackElo "2498"]

1.e4 e5 2.Nf3 Nc6 3.Bb5 a6 4.Ba4 Nf6 5.O-O Be7 6.Re1 b5 7.Bb3 d6 8.c3 O-O
9.h3 Bb7 10.d4 Re8 11.Nbd2 Bf8 12.a3 Nb8 13.Ng5 Re7 14.Ndf3 exd4 15.Nxf7 Rxf7
16.Ng5 d5 17.Nxf7 Kxf7 18.e5 Ne8 19.Qf3+ Kg8 20.Bg5 Qxg5 21.Bxd5+ Bxd5 22.Qxd5+ Kh8
23.Qxa8 Qd8 24.Rad1 c6 25.Rxd4 Qc8 26.Red1 Be7 27.Qa7 Nc7 28.Qb7 Qd8 29.Ra1  1-0

[Event "Open"]
[Site "Callao PER"]
[Date "2007.08.14"]
[Round "9"]
[White "Fernandez,Dan USA"]
[Black "Toloza,P"]
[Result "0-1"]
[WhiteElo "2447"]
[BlackElo "2340"]

1.e4 e5 2.Nf3 Nc6 3.Bb5 a6 4.Ba4 Nf6 5.O-O Be7 6.Re1 b5 7.Bb3 d6 8.c3 O-O
9.h3 Bb7 10.d4 Re8 11.Nbd2 Bf8 12.d5 Nb8 13.a4 c6 14.dxc6 Bxc6 15.axb5 axb5
16.Rxa8 Bxa8 17.Bc2 Nbd7 18.Nf1 Bc6 19.Ng3 Qa8 20.Bg5 h6 21.Bxf6 Nxf6 22.Nh2 d5
23.exd5 Bxd5 24.Ng4 Nxg4 25.Qxg4 g6 26.Bxg6 fxg6 27.Qxg6+ Kh8 28.Nh5 Re6
29.Nf6 Rxf6 30.Qxf6+ Bg7 31.Qe7 Bxg2 32.Rd1 Bd5 33.Qd7 Bc4 34.Qf5 Qg8 35.Rd6 Qf8
36.Qg6 e4 37.Qg3 e3 38.fxe3 Qf1+ 39.Kh2 Qe2+ 40.Kg1 Qxb2 41.Qf4 Qxc3 42.Rd8+ Bg8
43.Rd6 Qe1+ 44.Kg2 Qe2+ 45.Kg1 Qh5 46.Rb6 Bd5 47.Rxb5 Qd1+ 48.Kf2 Qd2+ 49.Kg3 Qe1+
50.Kg4 Qe2+  0-1

[Event "Acropolis Open"]
[Site "Athens GRE"]
[Date "2007.08.20"]
[Round "7"]
[White "Kotronias,V"]
[Black "Papadopoulos,I"]
[Result "1-0"]
[WhiteElo "2612"]
[BlackElo "2395"]

1.e4 e5 2.Nf3 Nc6 3.Bb5 a6 4.Ba4 Nf6 5.O-O Be7 6.Re1 b5 7.Bb3 d6 8.c3 O-O
9.h3 Bb7 10.d4 Re8 11.Nbd2 Bf8 12.a4 h6 13.Bc2 exd4 14.cxd4 Nb4 15.Bb1 c5
16.d5 Nd7 17.Ra3 c4 18.axb5 axb5 19.Nd4 Rxa3 20.bxa3 Nd3 21.Bxd3 cxd3 22.Re3 Nc5
23.Bb2 Bc8 24.Nc6 Qh4 25.Bd4 f5 26.Nf3 Qh5 27.e5 f4 28.Re1 dxe5 29.Bxc5 Bxc5
30.Ncxe5 Qf5 31.Nxd3 Rxe1+ 32.Nfxe1 Bd6 33.Qb3 Bd7 34.f3 Kf8 35.Nc2 Qf6 36.Kf1 Kg8
37.Nf2 Bb8 38.Ne4 Qb6 39.Ke2 Ba7 40.Ne1 Qg1 41.Qd3 Bb6 42.Qd2 Be3 43.Qb4 Bd4
44.Kd1 Qe3 45.Nc2 Qd3+ 46.Qd2 Qf1+ 47.Ne1 Qc4 48.Qd3 Bb2 49.Qxc4 bxc4 50.Nc5 Bf5
51.a4 Bd4 52.Ne6 Bb6 53.Nc2 g5 54.Ned4 Bd3 55.Nc6 Bf1 56.Ne1 Bc5 57.a5 c3
58.Kc2 Bc4 59.Nd3 Bxd5 60.Nxc5 Bxc6 61.Kxc3 Kf7 62.Kd4 Kf6 63.a6 h5 64.Ne4+ Kf5
65.Kc5 Ba8 66.Nd6+  1-0

[Event "ch-FRA"]
[Site "Aix-les-Bains FRA"]
[Date "2007.08.22"]
[Round "9"]
[White "Fressinet,L"]
[Black "Renet,O"]
[Result "1/2-1/2"]
[WhiteElo "2646"]
[BlackElo "2498"]

1.e4 e5 2.Nf3 Nc6 3.Bb5 a6 4.Ba4 Nf6 5.O-O Be7 6.Re1 b5 7.Bb3 d6 8.c3 O-O
9.h3 Bb7 10.d4 Re8 11.Nbd2 Bf8 12.d5 Nb8 13.Nf1 Nbd7 14.N3h2 c6 15.dxc6 Bxc6
16.Bg5 Qc7 17.Qf3 Qb7 18.Ng3 d5 19.Bxf6 Nxf6 20.Ng4 Nxe4 21.Nxe4 dxe4 22.Qg3 Kh8
23.Nxe5 Bd5 24.Rad1 Bxb3 25.axb3 Re7 26.Rd4 f6 27.Ng4 a5 28.Red1 a4 29.b4 Qc7
30.Qxc7 Rxc7 31.Ne3 a3 32.Nd5 Rc6 33.bxa3 f5 34.Nf4 Rxc3 35.Rd8 Rcc8 36.Ne6 g6
37.Rxc8 Rxc8 38.Rd8 Rxd8 39.Nxd8 Bg7 40.Nf7+ Kg8 41.Nd6 Bb2 42.Nxb5 Kf7 43.Nd6+ Ke6
44.Nc4 Bc3 45.Kf1 Kd5 46.Ne3+ Kc6 47.Ke2 Kb5 48.f3 exf3+ 49.Kxf3 Bb2 50.Nc2 Kc4
51.Ke2 Kc3 52.Kd1 Kd3 53.a4 Be5 54.a5 Kc4 55.Ke2 Bb8 56.Kf3 Bd6 57.Ke2 Bb8
58.Kd2 Ba7 59.Kc1 Bf2 60.Kb2 f4 61.Kc1 g5 62.Kd1 h5 63.Ke2 Ba7 64.Kf3 Bb8
65.Ke4 g4 66.h4 Kc3 67.Nd4 f3 68.gxf3 gxf3 69.Nxf3 Kxb4 70.Nd4 Kc5 71.Ne6+ Kb5
72.Nf4 Bd6 73.Nxh5 Be7  1/2-1/2

[Event "Dato Arthur Tan Malaysian Op"]
[Site "Kuala Lumpur MAS"]
[Date "2007.08.22"]
[Round "6"]
[White "Schon,E"]
[Black "Milligan,H"]
[Result "1-0"]
[WhiteElo "1963"]
[BlackElo "2034"]

1.e4 e5 2.Nf3 Nc6 3.Bb5 a6 4.Ba4 Nf6 5.O-O Be7 6.Re1 b5 7.Bb3 d6 8.c3 O-O
9.h3 Bb7 10.d4 Re8 11.Nbd2 Bf8 12.a4 h6 13.Bc2 exd4 14.Nxd4 Nxd4 15.cxd4 c5
16.d5 Nd7 17.Nf1 c4 18.Be3 g6 19.Qd2 Kh7 20.axb5 axb5 21.Qb4 Ba6 22.Ng3 Nf6
23.Ra5 Qd7 24.f3 Bg7 25.Bf2 Rec8 26.Ne2 Nh5 27.Kh2 Qe8 28.g3 Qd7 29.Kg2 Re8
30.Bd4 Bxd4 31.Nxd4 Qe7 32.f4 Qf6 33.Nf3 Rec8 34.Rea1 Bb7 35.Rxa8 Rxa8 36.Rxa8 Bxa8
37.Qxb5 c3 38.b4 Qe7 39.Qc4 Nf6 40.g4 Bb7 41.Nh2 Ba8 42.Nf1 Bb7 43.Ng3 Qd7
44.Qxc3 Ne8 45.Ne2 Nc7 46.Bd3 Bc8 47.Nd4 h5 48.f5 hxg4 49.hxg4 Qe7 50.Nf3 Bb7
51.Qa1 Bc8 52.Qh1+ Kg8 53.Qh6 Qf6 54.Qc1 Qd8 55.b5 Bb7 56.Kg3 Ne8 57.Qh6 Qf6
58.g5 Qg7 59.fxg6 Qxg6 60.Qxg6+ fxg6 61.Nd4 Ng7 62.Nc6 Nh5+ 63.Kf3 Kf8 64.Nd8 Bc8
65.b6  1-0

[Event "NH Chess Tournament"]
[Site "Amsterdam NED"]
[Date "2007.08.23"]
[Round "2"]
[White "Smeets,J"]
[Black "Beliavsky,A"]
[Result "1/2-1/2"]
[WhiteElo "2538"]
[BlackElo "2653"]

1.e4 e5 2.Nf3 Nc6 3.Bb5 a6 4.Ba4 Nf6 5.O-O Be7 6.Re1 b5 7.Bb3 d6 8.c3 O-O
9.h3 Bb7 10.d4 Re8 11.Nbd2 Bf8 12.a3 g6 13.Ba2 Nb8 14.dxe5 dxe5 15.Qb3 Re7
16.Nxe5 Qe8 17.Ndf3 c5 18.c4 Rxe5 19.Nxe5 Qxe5 20.cxb5 Bd5 21.Qd3 Bxa2 22.Rxa2 axb5
23.Qxb5 Qe6 24.Qb7 Ra6 25.Ra1 Rb6 26.Qc7 Nbd7 27.b4 Nd5 28.Qd8 Rb8 29.Qg5 Nc3
30.Bf4 Re8 31.Qg4 Qc6 32.Qf3 cxb4 33.axb4 Bxb4 34.Rac1 Ne5 35.Qg3 Qc4 36.Bxe5 Ne2+
37.Rxe2 Qxc1+ 38.Kh2 Qc4 39.Re3 Bd2 40.Rd3 Qxe4 41.Rxd2  1/2-1/2

[Event "TCh-ESP CECLUB Sur Div 1"]
[Site "Burguillos ESP"]
[Date "2007.08.26"]
[Round "6"]
[White "Naranjo Moreno,A"]
[Black "Mascaro March,P"]
[Result "1-0"]
[WhiteElo "2240"]
[BlackElo "2390"]

1.e4 e5 2.Nf3 Nc6 3.Bb5 a6 4.Ba4 Nf6 5.O-O Be7 6.Re1 b5 7.Bb3 d6 8.c3 O-O
9.h3 Bb7 10.d4 Nd7 11.Nbd2 Bf6 12.Nf1 Re8 13.Ng3 g6 14.Bh6 Na5 15.Bc2 exd4
16.Nxd4 Bg5 17.Bxg5 Qxg5 18.a4 Nc4 19.b3 Ncb6 20.axb5 axb5 21.Qd3 c6 22.Nf3 Qf6
23.Rad1 Ra2 24.Re2 b4 25.c4 Nc8 26.Qd2 c5 27.Nh2 Ne5 28.Qe3 Nc6 29.Ng4 Qg7
30.Qf4 Re6 31.e5 dxe5 32.Qf3 h5 33.Ne3 e4 34.Bxe4 Rxe2 35.Qxe2 N8e7 36.Rd7 Nd4
37.Rd8+ Kh7 38.Qxh5+ Qh6 39.Rh8+  1-0

[Event "NH Chess Tournament"]
[Site "Amsterdam NED"]
[Date "2007.09.01"]
[Round "10"]
[White "Karjakin,Sergey"]
[Black "Beliavsky,A"]
[Result "1-0"]
[WhiteElo "2678"]
[BlackElo "2653"]

1.e4 e5 2.Nf3 Nc6 3.Bb5 a6 4.Ba4 Nf6 5.O-O Be7 6.Re1 b5 7.Bb3 d6 8.c3 O-O
9.h3 Bb7 10.d4 Re8 11.a4 Bf8 12.Bg5 h6 13.Bxf6 Qxf6 14.Bd5 Rab8 15.axb5 axb5
16.Na3 Ne7 17.Bxb7 Rxb7 18.d5 Reb8 19.Nc2 c6 20.dxc6 Nxc6 21.Ne3 Qe6 22.Qd3 Qd7
23.Red1 Ra7 24.Nd5 b4 25.Nd2 bxc3 26.bxc3 Rxa1 27.Rxa1 Nd8 28.Nc4 Qb5 29.Ra5 Qb7
30.Ra4 Ne6 31.Rb4 Qa7 32.g3 Ra8 33.Kg2 Qa1 34.Ncb6 Nc5 35.Qf3 Rd8 36.h4 Qe1
37.Na4 Ra8 38.Nxc5 Ra1 39.Kh3 dxc5 40.Rb7 Qh1+ 41.Qxh1 Rxh1+ 42.Kg2 Ra1 43.Rb8 g6
44.Re8 h5 45.Rxe5 Ra8 46.Re8 Ra7 47.e5 Kg7 48.Kf3 c4 49.Rc8 Ra5 50.Rd8 Bc5
51.Nf6 Be7 52.Rg8+ Kh6 53.Ke4 Bxf6 54.exf6 Kh7 55.Rg7+ Kh6 56.Rxf7 Ra2 57.f4  1-0

[Event "UK-CHN Match"]
[Site "Liverpool ENG"]
[Date "2007.09.04"]
[Round "1"]
[White "Arakhamia,K"]
[Black "Shen Yang"]
[Result "1-0"]
[WhiteElo "2418"]
[BlackElo "2439"]

1.e4 e5 2.Nf3 Nc6 3.Bb5 a6 4.Ba4 Nf6 5.O-O Be7 6.Re1 b5 7.Bb3 d6 8.c3 O-O
9.h3 Bb7 10.d3 h6 11.Nbd2 Re8 12.Nf1 Bf8 13.Ng3 d5 14.Qe2 Qd7 15.a4 b4 16.a5 Rad8
17.Rd1 Bc5 18.Nh2 Na7 19.Be3 Bxe3 20.Qxe3 Nb5 21.cxb4 Nd4 22.Ba4 Bc6 23.Bxc6 Qxc6
24.Rac1 Qa4 25.Ng4 Nxg4 26.hxg4 Qxb4 27.Rxc7 Qxa5 28.Rdc1 Rb8 29.Nf5 Nxf5
30.gxf5 dxe4 31.dxe4 Rxb2 32.Qa7 Qa2 33.Rc8  1-0

[Event "17th ch-EU U16 Boys"]
[Site "Sibenik CRO"]
[Date "2007.09.14"]
[Round "1"]
[White "Silva,Mi1"]
[Black "Lehmann,Mar"]
[Result "0-1"]
[WhiteElo "1999"]
[BlackElo "2279"]

1.e4 e5 2.Nf3 Nc6 3.Bb5 a6 4.Ba4 Nf6 5.O-O b5 6.Bb3 Be7 7.Re1 O-O 8.c3 d6
9.h3 Bb7 10.d3 Na5 11.Bc2 c5 12.Nbd2 Re8 13.Nf1 Bf8 14.Ng3 g6 15.Nh2 Bg7
16.Qf3 d5 17.Ng4 Nxg4 18.hxg4 d4 19.cxd4 exd4 20.Qe2 c4 21.f4 Rc8 22.b3 Qc7
23.Bd2 cxb3 24.Bxa5 Qxc2 25.axb3 Qxb3 26.g5 Rc2 27.Qf3 Rec8 28.Rab1 Rb2 29.Qd1 Rcc2
30.Rxb2 Qxb2 31.Ne2 Bc8 32.Bd8 Bg4 33.Kh1 Rd2  0-1

[Event "17th ch-EU U18 Girls"]
[Site "Sibenik CRO"]
[Date "2007.09.21"]
[Round "8"]
[White "Altunkeser,G"]
[Black "Tonel,G"]
[Result "1-0"]
[WhiteElo "1913"]
[BlackElo "1934"]

1.e4 e5 2.Nf3 Nc6 3.Bb5 a6 4.Ba4 Nf6 5.O-O Be7 6.Re1 b5 7.Bb3 O-O 8.c3 d6
9.h3 Bb7 10.d4 Re8 11.Nbd2 Bf8 12.Bc2 g6 13.d5 Nb8 14.b3 c6 15.c4 Bg7 16.Nf1 Rf8
17.Bg5 cxd5 18.cxd5 Nbd7 19.Qd2 Rc8 20.Rac1 Nc5 21.g4 Rc7 22.Ng3 Bc8 23.Bh6 Kh8
24.Bxg7+ Kxg7 25.Kh2 Ng8 26.Bb1 f6 27.Qa5 Rcf7 28.Qxd8 Rxd8 29.b4 Na4 30.Nd2 f5
31.exf5 Bb7 32.Nde4 Nb6 33.Ng5 Nxd5 34.Ne6+ Kf6 35.Nxd8  1-0

[Event "Match"]
[Site "Sao Paulo BRA"]
[Date "2007.09.28"]
[Round "1"]
[White "Diamant,A"]
[Black "Mecking,H"]
[Result "0-1"]
[WhiteElo "2394"]
[BlackElo "2565"]

1.e4 e5 2.Nf3 Nc6 3.Bb5 a6 4.Ba4 Nf6 5.O-O Be7 6.Re1 b5 7.Bb3 d6 8.c3 O-O
9.h3 Bb7 10.d4 Re8 11.Ng5 Rf8 12.Nf3 Re8 13.Nbd2 Bf8 14.d5 Nb8 15.Nf1 Nbd7
16.Ng3 Nc5 17.Bc2 c6 18.b4 Ncd7 19.dxc6 Bxc6 20.Bg5 h6 21.Bxf6 Nxf6 22.Nh2 d5
23.Qf3 Qc7 24.Ng4 Nxe4 25.Nxe4 dxe4 26.Bxe4 Rac8 27.Rad1 Re6 28.Bxc6 Qxc6
29.Rxe5 Qxf3 30.gxf3 Rec6 31.Re3 Rxc3 32.Rxc3 Rxc3 33.Rd8 f6 34.Ne3 Kf7 35.f4 Bxb4
36.Nd5 Rc1+ 37.Kg2 Bc5 38.f5 Rc2 39.Rc8 Rxf2+ 40.Kg3 Bd4 41.Rc7+ Kg8 42.Rc8+ Kh7
43.Ne7 Rf1 44.Kg2 Rf2+ 45.Kg3 Rf1 46.Kg2 Rf2+ 47.Kg3 h5 48.h4 Rf1 49.Ra8 Bc5
50.Kg2 Rf4 51.Rh8+ Kxh8 52.Ng6+ Kh7 53.Nxf4 a5 54.Kf3 Kh6 55.Ne6 Bb6 56.Nf4 b4
57.Ke2 Bc7 58.Ng6 a4 59.Kd3 Be5 60.Nxe5 fxe5 61.Kc4 b3 62.axb3 a3  0-1

[Event "16th Monarch Assurance"]
[Site "Port Erin IOM"]
[Date "2007.09.29"]
[Round "8"]
[White "Smerdon,D"]
[Black "Allen,K"]
[Result "1-0"]
[WhiteElo "2461"]
[BlackElo "2222"]

1.e4 e5 2.Nf3 Nc6 3.Bb5 a6 4.Ba4 Nf6 5.O-O Be7 6.Re1 b5 7.Bb3 d6 8.c3 O-O
9.h3 Bb7 10.d4 Re8 11.Nbd2 Bf8 12.d5 Nb8 13.Nf1 c6 14.Bg5 c5 15.g4 c4 16.Bc2 Nbd7
17.Ng3 Nc5 18.Qd2 Bc8 19.Nf5 Bxf5 20.gxf5 h6 21.Bxf6 Qxf6 22.Kh1 Kh7 23.b4 cxb3
24.axb3 g6 25.b4 Nd7 26.Qe3 Be7 27.Rg1 Bd8 28.Rg4 Rg8 29.Bd3 gxf5 30.Rxg8 Kxg8
31.Bxb5 Bb6 32.Qe2 Nb8 33.Bd3 fxe4 34.Qxe4 Nd7 35.Nh4 Qf4 36.Qg2+ Kf8 37.Nf5 Qg5
38.Nxd6  1-0

[Event "Open"]
[Site "Nelson NZL"]
[Date "2007.10.07"]
[Round "9"]
[White "Fuatai,F"]
[Black "Milligan,H"]
[Result "1/2-1/2"]
[WhiteElo "2062"]
[BlackElo "2009"]

1.e4 e5 2.Nf3 Nc6 3.Bb5 a6 4.Ba4 Nf6 5.O-O Be7 6.Re1 b5 7.Bb3 d6 8.c3 O-O
9.h3 Bb7 10.d4 Re8 11.Nbd2 h6 12.d5 Nb8 13.Nf1 Nbd7 14.Ng3 Nc5 15.Bc2 c6
16.b4 Ncd7 17.dxc6 Bxc6 18.Nf5 Nb6 19.Qd3 Bf8 20.Nh2 Nc4 21.Ng4 Nxg4 22.hxg4 Ra7
23.Rd1 Rd7 24.a4 Qf6 25.axb5 axb5 26.Qf3 Qe6 27.Bd3 Ra8 28.Rxa8 Bxa8 29.Qe2 Rc7
30.Qa2 Qc8 31.f3 Bb7 32.Bxc4 Rxc4 33.Bd2 Rc6 34.Qa5 Ba6 35.Ne3 Qb8 36.Nd5 Bc8
37.Qd8 Qa7+ 38.Be3 Qd7 39.Qh4 Qe6 40.Kh2 Bb7 41.Qe1 Be7 42.Qe2 Ba6 43.Ra1 Bd8
44.Ra3 Qc8 45.Qf2 Bb7 46.Ra5 Ba6 47.Qe2 Kf8 48.Ra3 Rc4 49.Bb6 Bb7 50.Bxd8 Bxd5
51.Bh4 Bb7 52.Be1 Qd8 53.Ra5 Bc6 54.Qd3 Qe7 55.Bf2 Kg8 56.Ra7 Qf6 57.g3 Qg6
58.Qd2 Qe6 59.Ra3 Qg6 60.Qe3  1/2-1/2